Pays par point le plus au sud - Statistiques

Statistiques générales
  • Ce quiz a été pris 35 fois
  • Le résultat moyen est 61 sur 194
Statistiques - réponses
Rang Continent Pays % Correct
3 Amerique Argentine
100%
2 Amerique Chili
100%
4 Océanie Australie
95%
1 Europe Royaume Uni
91%
8 Afrique Afrique du Sud
86%
6 Océanie Nouvelle Zélande
86%
7 Europe France
82%
10 Amérique Brésil
77%
9 Amérique Uruguay
77%
18 Amérique Bolivie
73%
11 Afrique Lesotho
73%
17 Afrique Madagascar
73%
13 Amérique Paraguay
73%
16 Afrique Mozambique
68%
12 Afrique Namibie
68%
14 Afrique Eswatini
64%
21 Océanie Fidji
64%
5 Europe Norvège
64%
24 Amérique Perou
64%
20 Océanie Tonga
64%
19 Afrique Zimbabwe
64%
26 Afrique Angola
59%
15 Afrique Botswana
59%
44 Amérique Colombie
59%
27 Afrique Malawi
59%
22 Afrique Maurice
59%
34 Afrique Tanzanie
59%
23 Océanie Vanuatu
59%
25 Afrique Zambie
59%
41 Amérique Equateur
55%
36 Asie Indonesie
55%
35 Océanie Kiribati
55%
33 Océanie Papouasie Nouvelle Guinée
55%
30 Afrique Republique démocratique Congo
55%
29 Océanie Samoa
55%
43 Afrique Burundi
50%
32 Afrique Comores
50%
40 Afrique Congo
50%
28 Amérique Etats Unis
50%
57 Amérique Guyana
50%
46 Afrique Rwanda
50%
31 Océanie Salomon
50%
59 Amérique Suriname
50%
53 Amérique Venezuela
50%
45 Afrique Gabon
45%
42 Afrique Kenya
45%
54 Asie Malaisie
45%
55 Océanie Micronésie
45%
51 Océanie Nauru
45%
39 Asie Timor Oriental
45%
37 Océanie Tuvalu
45%
65 Asie Brunei
41%
193 Europe Finlande
41%
49 Afrique Guinée Equatoriale
41%
194 Europe Islande
41%
50 Asie Maldives
41%
70 Océanie Marshall
41%
78 Amérique Panama
41%
38 Afrique Seychelles
41%
186 Europe Bielorussie
36%
81 Amérique Costa Rica
36%
189 Europe Danemark
36%
192 Europe Estonie
36%
94 Amérique Grenade
36%
191 Europe Lettonie
36%
188 Europe Lituanie
36%
48 Afrique Ouganda
36%
61 Océanie Palaos
36%
93 Europe Pays Bas
36%
69 Asie Philippines
36%
52 Afrique Sao Tomé et Principe
36%
56 Asie Singapour
36%
190 Europe Suède
36%
85 Amérique Trinité et Tobago
36%
185 Europe Belgique
32%
120 Amérique Cuba
32%
76 Asie Inde
32%
187 Europe Irlande
32%
184 Europe Luxembourg
32%
89 Amérique Nicaragua
32%
183 Europe Pologne
32%
159 Europe/Asie Russie
32%
47 Afrique Somalie
32%
73 Asie Sri Lanka
32%
180 Europe Allemagne
27%
178 Europe Autriche
27%
110 Amérique Belize
27%
58 Afrique Cameroun
27%
162 Amérique Canada
27%
62 Afrique Ethiopie
27%
104 Amérique Guatemala
27%
117 Amérique Haiti
27%
176 Europe Hongrie
27%
86 Afrique Mali
27%
175 Europe Moldavie
27%
66 Afrique Nigéria
27%
115 Amérique République Dominicaine
27%
182 Europe République Tchèque
27%
181 Europe Slovaquie
27%
63 Afrique Soudan
27%
177 Europe Suisse
27%
72 Asie Thailande
27%
82 Asie Vietnam
27%
123 Amérique Bahamas
23%
75 Afrique Benin
23%
87 Asie Cambodge
23%
60 Afrique Centrafrique
23%
67 Afrique Cote d'Ivoire
23%
91 Afrique Djibouti
23%
124 Afrique Egypte
23%
71 Afrique Ghana
23%
79 Afrique Guinée
23%
116 Amérique Jamaique
23%
68 Afrique Libéria
23%
179 Europe Liechtenstein
23%
133 Afrique Maroc
23%
106 Amérique Mexique
23%
161 Asie Mongolie
23%
92 Afrique Niger
23%
114 Amérique Saint-Christophe-et-Niévès
23%
103 Amérique Sainte Lucie
23%
102 Amérique Salvador
23%
77 Afrique Sierra Leone
23%
74 Afrique Togo
23%
173 Europe Ukraine
23%
118 Afrique Algérie
18%
113 Amérique Antigua et Barbuda
18%
83 Afrique Burkina Faso
18%
64 Asie Chine
18%
167 Europe Croatie
18%
109 Amérique Dominique
18%
90 Afrique Guinée Bissau
18%
99 Amérique Honduras
18%
119 Afrique Libye
18%
171 Europe Monaco
18%
163 Europe Montenegro
18%
172 Europe Saint Marin
18%
98 Amérique Saint Vincent et les Grenadines
18%
96 Afrique Senegal
18%
166 Europe Serbie
18%
174 Europe Slovénie
18%
80 Afrique Tchad
18%
139 Afrique Tunisie
18%
95 Asie Yemen
18%
155 Europe Albanie
14%
168 Europe Andorre
14%
100 Amérique Barbade
14%
169 Europe Bosnie Herzegovine
14%
160 Europe Bulgarie
14%
132 Europe Espagne
14%
145 Europe Grèce
14%
147 Europe Italie
14%
156 Asie Kazakhstan
14%
157 Europe Macédoine du Nord
14%
148 Europe Malte
14%
84 Asie Myanmar
14%
141 Europe Portugal
14%
170 Europe Roumanie
14%
164 Europe Vatican
14%
111 Asie Arabie Saoudite
9%
129 Asie Bahrein
9%
144 Asie Chypre
9%
101 Afrique Gambie
9%
158 Asie Géorgie
9%
121 Asie Japon
9%
154 Asie Kirghizistan
9%
165 Europe Kosovo
9%
107 Afrique Mauritanie
9%
112 Asie Oman
9%
127 Asie Qatar
9%
137 Asie Afghanistan
5%
153 Asie Arménie
5%
152 Asie Azerbaidjan
5%
122 Asie Bangladesh
5%
131 Asie Bhoutan
5%
108 Afrique Cap Vert
5%
143 Asie Corée Du Sud
5%
125 Asie Emirats Arabes Unis
5%
135 Asie Irak
5%
128 Asie Iran
5%
138 Asie Israel
5%
136 Asie Jordanie
5%
134 Asie Koweit
5%
105 Asie Laos
5%
142 Asie Liban
5%
130 Asie Népal
5%
151 Asie Ouzbekistan
5%
126 Asie Pakistan
5%
140 Asie Syrie
5%
150 Asie Tadjikistan
5%
88 Asie Taiwan
5%
146 Asie Turkmenistan
5%
97 Afrique Eryhtrée
0%
149 Asie Turquie
0%
Aucun quiz correspondant
Distribution des résultats
% des personnes avec chaque résultat
Percentile par nombre de réponses
Votre historique - résultats
Vous n’avez pas pris ce quiz